000
00195 a2200097 4500
001
2141
100
_a
Bizony, M T
245
_a
Space Encyclopaedia
260
_a
_b
Dutton
_c
090
_c
1575
_d
1575
942
_a
NUST-CAE
_c
M
_c
6391
999
_c
237214
_d
237214